000 01394cam a22003131ia4500
003 SA-RiAUC
005 20250325124920.0
008 250325s2005 su g b 0100m ara c
020 _a9960479102
040 _aSA-DmIAFU
_bara
_cSA-RiAUC
_erda
050 4 _b.F83 2005
082 0 4 _a810.80099531
_qSA-RiAUC
090 _a810.80099531
_b ف و د
100 1 _aفودة، إبراهيم محمد أمين،
_d1342-1415 هجري
_eمؤلف.
245 1 2 _aالأعمال الكاملة للأديب الأستاذ إبراهيم أمين فودة.
250 _aالطبعة الأولى.
264 1 _aجدة، السعودية :
_bعبد المقصود محمد سعيد خوجة،
_c2005
300 _a4 مجلد ؛
_c24 × 17 سم.
336 _aنص
_btxt
_2rdacontent
_3كتاب
337 _aبدون وسيط
_bn
_2rdamedia
338 _aمجلد
_bnc
_2rdacarrier
490 0 _aكتاب الإثنينية ؛
_v30
500 _aصدرت هذه الأعمال بمناسبة مكة المكرمة عاصمة الثقافة الإسلامية.
504 _aيشتمل على إرجاعات ببليوجرافية.
505 2 _aالمحتويات : مجلد 3 : الشعر-مجلد 4 : النثر.
650 7 _aالأدب العربي
_zالسعودية
_yقرن 14 هجري
_vمجموعات
_2aucsh
942 _2ddc
_cBOOK
_n0
949 _aSA-JeALM
_d250325
_ueid123
_n1
999 _c6622
_d6622